| 000 | 00691nam a22002057a 4500 | ||
|---|---|---|---|
| 003 | OSt | ||
| 005 | 20251008051837.0 | ||
| 008 | 251008b |||||||| |||| 00| 0 eng d | ||
| 020 | _a978-3-030-32488-9 | ||
| 040 |
_aDWCL-Main lib _cOC |
||
| 082 | _aCirc. 005.1 C761 2020 | ||
| 100 | _aFelderer, Michael | ||
| 245 |
_a Contemporary empirical methods in software engineering/ _cMichael Felderer |
||
| 260 |
_a[place of publication not identified]: _bSpringer, _cc2020. |
||
| 300 |
_ax, 525 pages : _b illustrations ; _c24cm. |
||
| 650 | _a1. Management information system | ||
| 650 | _a2. Software engineering | ||
| 700 | _aGuilherme Horta Travassos | ||
| 942 |
_2ddc _cBK-CIRC _kCirc. _n0 |
||
| 999 |
_c4718 _d4718 |
||